| 000 | 00884nam a2200253Ia 4500 | ||
|---|---|---|---|
| 003 | OSt | ||
| 005 | 20220923211125.0 | ||
| 006 | a|||||r|||| 00| 0 | ||
| 007 | ta | ||
| 008 | 220922b |||||||| |||| 00| 0 hin d | ||
| 020 |
_a8181970055 (hbk) _c1250 |
||
| 024 | _a237,450 | ||
| 037 |
_b558, 23/03/2009, Vani Prakashan _cTextual |
||
| 040 |
_aARTS _cARTS _bhin |
||
| 041 |
_2hin _ahin |
||
| 082 | _aNT44xN33w, 152P4 | ||
| 100 |
_aतनेजा, जयदेव, संपा. _9156274 |
||
| 245 | 0 | _aबी एम शाह | |
| 246 | _aBī. Ema. Shāha | ||
| 260 |
_aनई दिल्ली _b राष्ट्रीय नाटय विद्यालय _c2004 |
||
| 300 |
_a227पृ. _ccm. |
||
| 942 |
_hNT44xN33w, 152P4 _cTEXL _2CC |
||
| 999 |
_c295616 _d295616 |
||